| 000 | 01090nam a2200265 a 4500 | ||
|---|---|---|---|
| 005 | 20240914063746.0 | ||
| 008 | 050523s2003 es 000 0 spa d | ||
| 020 | _a8474265991 (Icaria) | ||
| 020 | _a8484521621 (Intermón Oxfam) | ||
| 035 | _aUPN01000144728 | ||
| 049 | _aCG | ||
| 050 | 4 |
_aHM671 _bJ8.7 2003 |
|
| 245 | 0 | 0 |
_aJusticia global : _blas alternativas de los movimientos del Foro de Porto Alegre / _ced. Rafael Díaz-Salazar ; tr. Ana Ma. Cardarso. |
| 250 | _a2a ed. | ||
| 260 |
_aBarcelona, Esp. : _bIcaria : _bIntermón Oxfam, _b2003. |
||
| 300 |
_a366 p. + _e1 CD-ROM ; 4 3/4 plg. |
||
| 440 | 0 |
_aEncuentro ; _v4 |
|
| 500 | _a"Este libro presenta las alternativas y los programas de cambio para una globalización más humana y solidaria..." | ||
| 500 | _aEl CD-ROM incluye los documentos del I y II Foro Social Mundial y el directorio de movimientos sociales | ||
| 650 | 2 |
_aJusticia social _915413 |
|
| 650 | 4 |
_aDesarrollo económico _xAspectos ambientales _915412 |
|
| 650 | 2 |
_aMovimientos sociales _913536 |
|
| 700 | 1 |
_aDíaz-Salazar, Rafael, _eed. |
|
| 905 | _aLibro | ||
| 999 |
_c116875 _d116875 |
||